000 00685nam a2200253 a 4500
001 nice12345678
003 IN_TiNIC
005 20260116012256.0
008 050524s1993 mina grp 000 0 eng
020 _a0814761
_c100
082 0 0 _a297.4
_bBAL
100 _aBaldick, Julian
245 _aImaginary Muslims
_b the Uwaysi Sufis of Central Asia
260 _aMinnesota
_bNew York University Press New York
_c1993
300 _a266p
500 _aincludes index and biblioraphy
505 2 _aBibliography, Index, Plates
650 _aSufism-Ahmed Uzgani
650 _aAhmed Uzgani
700 1 _aBaldick, Julian
902 _bSRS
942 _cBK
999 _c6347
_d6347